[Event "Manizales op 27th"]
[Site "Manizales"]
[Date "2022.01.07"]
[Round "2"]
[White "Villamizar, Diego Fernando"]
[Black "Obando Yandun, Dario Andres"]
[Result "1-0"]
[WhiteElo "1958"]
[BlackElo "1571"]
[PlyCount "77"]
[EventDate "2022.01.06"]
[EventType "swiss"]
[EventRounds "8"]
[EventCountry "COL"]
[SourceTitle "CBM 206 Extra"]
[Source "ChessBase"]
[SourceDate "2022.03.31"]
[SourceVersion "1"]
[SourceVersionDate "2022.03.31"]
[SourceQuality "1"]

1. d4 Nf6 2. c4 e6 3. a3 b6 4. Nc3 Bb7 5. Nf3 d5 6. cxd5 Nxd5 7. Qc2 Nxc3 8. Qxc3 Be7 9. Bf4 Bd6 10. Bg5 f6 11. Bd2 Nd7 12. g3 Qe7 13. Bh3 g5 14. 0-0-0 h5 15. Bg2 c5 16. Kb1 Rc8 17. Bc1 Qh7+ 18. Ka1 cxd4 19. Qxd4 Bc5 20. Qd2 Bxf3 21. Bxf3 Ne5 22. Qc3 0-0 23. Qb3 Qf7 24. Rhf1 Rfd8 25. Be4 Rxd1 26. Qxd1 Qe7 27. f4 Nc4 28. Qb3 Na5 29. Qa2 Kg7 30. fxg5 fxg5 31. h4 gxh4 32. gxh4 Bd4 33. Bg5 Qd7 34. e3 Be5 35. Rg1 Kh8 36. Bg6 Nc4 37. Bf4 Bxb2+ 38. Qxb2+ Nxb2 39. Be5+ 1-0

[Event "COL Subzt 2.3.4"]
[Site "Risarald"]
[Date "2021.11.27"]
[Round "8"]
[White "Camperos Jimenez, Wilder Camilo"]
[Black "Villamizar, Diego Fernando"]
[Result "0-1"]
[WhiteElo "1700"]
[BlackElo "1977"]
[PlyCount "116"]
[EventDate "2021.11.23"]
[EventType "swiss"]
[EventRounds "9"]
[EventCountry "COL"]
[SourceTitle "CBM 205 Extra"]
[Source "ChessBase"]
[SourceDate "2022.01.31"]
[SourceVersion "1"]
[SourceVersionDate "2022.01.31"]
[SourceQuality "1"]

1. e4 c5 2. d4 cxd4 3. c3 d3 4. Bxd3 d6 5. h3 Nf6 6. c4 e6 7. Nf3 a6 8. Nc3 Be7 9. Be3 Nbd7 10. Qe2 Qc7 11. Rc1 b6 12. 0-0 Bb7 13. Rfd1 0-0 14. b3 Rac8 15. Bb1 Rfe8 16. Nh2 Qb8 17. Rd2 Bf8 18. Ng4 d5 19. f3 Bb4 20. Rdd1 dxc4 21. bxc4 b5 22. Nxf6+ Nxf6 23. Bd3 bxc4 24. Bxc4 Qc7 25. Na4 Qa5 26. Bb3 h6 27. Bd4 Nh5 28. Be3 Qe5 29. Rxc8 Bxc8 30. Bd4 Qg5 31. Be3 Nf4 32. Bxf4 Qxf4 33. Qf2 Bd6 34. g4 Qe5 35. Kh1 Bd7 36. Nb6 Bb5 37. Nc4 Bxc4 38. Bxc4 Rb8 39. Bxa6 Rb2 40. Be2 Rxa2 41. Rc1 Qb2 42. Rc8+ Kh7 43. e5 Ra1+ 44. Kg2 Qxe5 45. f4 Qe4+ 46. Qf3 Qxf4 47. Qxf4 Bxf4 48. Kf3 Be5 49. h4 g6 50. Rc5 Ra3+ 51. Ke4 Bg3 52. h5 gxh5 53. gxh5 f5+ 54. Kd4 Bf2+ 55. Kc4 Bxc5 56. Kxc5 Kg7 57. Kd6 Kf6 58. Bb5 f4 0-1

[Event "COL Subzt 2.3.4"]
[Site "Risarald"]
[Date "2021.11.26"]
[Round "7"]
[White "Villamizar, Diego Fernando"]
[Black "Munoz, Edgar Alex"]
[Result "1/2-1/2"]
[WhiteElo "1977"]
[BlackElo "1730"]
[PlyCount "66"]
[EventDate "2021.11.23"]
[EventType "swiss"]
[EventRounds "9"]
[EventCountry "COL"]
[SourceTitle "CBM 205 Extra"]
[Source "ChessBase"]
[SourceDate "2022.01.31"]
[SourceVersion "1"]
[SourceVersionDate "2022.01.31"]
[SourceQuality "1"]

1. d4 d5 2. c4 c6 3. Nc3 Nf6 4. Nf3 dxc4 5. a4 Bf5 6. e3 e6 7. Bxc4 Bb4 8. 0-0 Nbd7 9. Ne2 0-0 10. Ng3 c5 11. Nxf5 exf5 12. b3 Nb6 13. Bd3 cxd4 14. exd4 Ne4 15. Bb2 Nd5 16. Ne5 g6 17. Nf3 Re8 18. Bc4 Rc8 19. Rc1 Nec3 20. Qc2 Ne2+ 21. Kh1 Nxc1 22. Qxc1 f6 23. h3 Kg7 24. Rd1 a6 25. Qa1 Qd7 26. Ne5 Qd8 27. Nd3 Ba5 28. Nc5 Rc7 29. Qc1 Rce7 30. Nd3 Rc7 31. Nc5 Rce7 32. Nd3 Rc7 33. Nc5 Rce7 1/2-1/2

[Event "Manizales Las Americas blitz op"]
[Site "Manizales"]
[Date "2021.10.23"]
[Round "11"]
[White "Villamizar, Diego Fernando"]
[Black "Cabiativa, Juan Esteban"]
[Result "0-1"]
[WhiteElo "2034"]
[BlackElo "1839"]
[PlyCount "48"]
[EventDate "2021.10.23"]
[EventType "swiss (blitz)"]
[EventRounds "11"]
[EventCountry "COL"]
[SourceTitle "CBM 205 Extra"]
[Source "ChessBase"]
[SourceDate "2022.01.31"]
[SourceVersion "1"]
[SourceVersionDate "2022.01.31"]
[SourceQuality "1"]

1. d4 d5 2. c4 dxc4 3. Nc3 Nf6 4. e4 e6 5. Bxc4 a6 6. a4 c5 7. Nf3 cxd4 8. Nxd4 Qc7 9. Ba2 Bb4 10. Bd2 Bxc3 11. Bxc3 Nxe4 12. Bb4 Qb6 13. Ba3 Nc6 14. f3 Qxd4 15. fxe4 Qxe4+ 16. Kf1 Qf4+ 17. Ke1 Bd7 18. Qb3 Qe4+ 19. Kf1 Nd4 20. Qd1 Qf4+ 21. Kg1 Qe3+ 22. Kf1 b5 23. Rc1 Qf4+ 24. Kg1 Qxc1 0-1

[Event "Manizales Las Americas op-B"]
[Site "Manizales"]
[Date "2021.10.15"]
[Round "2"]
[White "Pinillo Canon, Silvana"]
[Black "Villamizar, Diego Fernando"]
[Result "0-1"]
[WhiteElo "1773"]
[BlackElo "1951"]
[PlyCount "234"]
[EventDate "2021.10.14"]
[EventType "swiss"]
[EventRounds "9"]
[EventCountry "COL"]
[SourceTitle "EXT 2023"]
[Source "ChessBase"]
[SourceDate "2022.10.05"]
[SourceVersion "1"]
[SourceVersionDate "2022.10.05"]
[SourceQuality "1"]

1. e4 c5 2. Nf3 d6 3. d4 cxd4 4. Nxd4 Nf6 5. Nc3 a6 6. Be2 e6 7. a4 Be7 8. 0-0 0-0 9. Be3 Nc6 10. f4 Qc7 11. Kh1 Bd7 12. Nb3 Rac8 13. Qd2 Rfe8 14. Rfd1 Nb4 15. Bf3 b6 16. Qf2 Rb8 17. a5 bxa5 18. Rxa5 Nxc2 19. Qxc2 Rxb3 20. Rxa6 Reb8 21. Ra2 e5 22. Qd2 Be6 23. Ra7 R3b7 24. Nb5 Qc6 25. Rxb7 Qxb7 26. Nxd6 Qxb2 27. Qxb2 Rxb2 28. fxe5 Ng4 29. Bxg4 Bxg4 30. Ra1 h6 31. h3 Be6 32. Ra8+ Kh7 33. Ra7 Bh4 34. Kh2 Rb3 35. Bg1 Bg3+ 36. Kh1 Kg6 37. Nf5 Bxe5 38. Nh4+ Kh7 39. Nf3 Bb8 40. Ra8 Rb2 41. Bd4 Rb1+ 42. Bg1 Bg3 43. Rd8 Ra1 44. Rd2 Ra4 45. Rd4 Ra3 46. Nd2 h5 47. Nf1 Be5 48. Rd1 Bb3 49. Rb1 Bc2 50. Re1 Ra4 51. Bh2 Bxh2 52. Kxh2 Bxe4 53. Kg3 h4+ 54. Kh2 f5 55. Nd2 Ba8 56. Rf1 Ra2 57. Nf3 Ra4 58. Rf2 Kh6 59. Ne5 g6 60. Nf7+ Kg7 61. Ne5 Kf6 62. Nf3 g5 63. Nd2 Ra1 64. Nf3 Be4 65. Nd2 Ke5 66. Nf3+ Kf4 67. Ng1+ Ke3 68. Re2+ Kd3 69. Rf2 g4 70. hxg4 fxg4 71. Rf4 g3+ 72. Kh3 Rxg1 73. Kxh4 Ke3 74. Rg4 Bxg2 75. Rxg3+ Kf4 76. Rg4+ Kf3 77. Rg3+ Kf2 78. Ra3 Bf3 79. Ra2+ Be2 80. Ra4 Bf3 81. Ra2+ Ke3 82. Ra4 Be4 83. Kh5 Kf4 84. Kh6 Rg6+ 85. Kh5 Rg7 86. Ra6 Bf5 87. Ra4+ Be4 88. Ra6 Rh7+ 89. Rh6 Rb7 90. Ra6 Rb2 91. Kh6 Rg2 92. Rf6+ Bf5 93. Ra6 Rg4 94. Ra4+ Be4 95. Ra6 Ke5 96. Ra5+ Bd5 97. Kh5 Rg1 98. Rb5 Ke6 99. Ra5 Rg8 100. Rb5 Bf3+ 101. Kh4 Kf6 102. Ra5 Be2 103. Rc5 Bd3 104. Rc3 Bf5 105. Ra3 Ke5 106. Ra5+ Kf4 107. Ra4+ Be4 108. Ra5 Rg1 109. Ra3 Rg5 110. Ra4 Rb5 111. Rc4 Ra5 112. Rb4 Ra6 113. Rb5 Ra4 114. Kh5 Bd3 115. Rc5 Ra6 116. Kh4 Ra1 117. Kh3 Be4 0-1

[Event "COL-ch U2000"]
[Site "Pereira"]
[Date "2019.03.22"]
[Round "3"]
[White "Villamizar, Diego Fernando"]
[Black "Benjumea, David"]
[Result "1-0"]
[WhiteElo "1900"]
[BlackElo "1763"]
[PlyCount "135"]
[EventDate "2019.03.21"]
[EventType "swiss"]
[EventRounds "9"]
[EventCountry "COL"]
[SourceTitle "CBM 189 Extra"]
[Source "ChessBase"]
[SourceDate "2019.06.03"]
[SourceVersion "1"]
[SourceVersionDate "2019.06.03"]
[SourceQuality "1"]

1. d4 d5 2. c4 dxc4 3. Nf3 Nf6 4. Nc3 e6 5. e3 a6 6. a4 c5 7. Bxc4 Nc6 8. 0-0 cxd4 9. exd4 Be7 10. Be3 Nb4 11. Ne5 Nbd5 12. Nxd5 Nxd5 13. Qh5 0-0 14. Bd3 f5 15. Rac1 Bd7 16. b3 Bf6 17. Rfe1 Qe7 18. Bd2 Rac8 19. Rcd1 Rfd8 20. Re2 Be8 21. Qh3 Bg5 22. Bxg5 Qxg5 23. Nf3 Qf6 24. Red2 Rc3 25. Bc4 Nb6 26. Rd3 Rxd3 27. Bxd3 Bc6 28. Qg3 Nd5 29. Ne5 Nb4 30. Be2 Bd5 31. Rc1 Nc6 32. Nxc6 Bxc6 33. Bxa6 Qxd4 34. Bc4 Qe4 35. h3 Bd5 36. Bf1 Qb4 37. Rc7 Qd4 38. h4 Qg4 39. Qc3 Bc6 40. Qe5 Qg6 41. h5 Qf6 42. Qa5 h6 43. Qe1 Rd7 44. Rc8+ Rd8 45. Rxd8+ Qxd8 46. Qxe6+ Kh8 47. Qxf5 Qd1 48. Qd3 Qxh5 49. Qd8+ Qe8 50. Qxe8+ Bxe8 51. a5 Kg8 52. Be2 Kf8 53. Bf3 Ke7 54. Bxb7 Kd6 55. g4 Kc7 56. Bd5 Kd6 57. Bc4 Kc5 58. Kh2 Bc6 59. f4 Kd4 60. Kg3 Ke4 61. Bf1 Kd4 62. Bg2 Bb5 63. Bb7 Kc5 64. b4+ Kd6 65. Kf2 g6 66. Bf3 Bd7 67. Ke3 Be6 68. a6 1-0

[Event "Manizales op 26th"]
[Site "Manizales"]
[Date "2017.01.05"]
[Round "3"]
[White "Villamizar, Diego Fernando"]
[Black "Molano, Walter Rene"]
[Result "1-0"]
[WhiteElo "1948"]
[BlackElo "1710"]
[PlyCount "69"]
[EventDate "2017.01.04"]
[EventType "swiss"]
[EventRounds "9"]
[EventCountry "COL"]
[SourceTitle "CBM 176 Extra"]
[Source "ChessBase"]
[SourceDate "2017.03.02"]
[SourceVersion "1"]
[SourceVersionDate "2017.03.02"]
[SourceQuality "1"]

1. d4 Nf6 2. c4 g6 3. Nc3 Bg7 4. e4 d6 5. Nf3 0-0 6. h3 e5 7. d5 a5 8. Be2 Bd7 9. 0-0 Na6 10. b3 Nc5 11. Qc2 c6 12. Bg5 Qc8 13. Rac1 Nh5 14. Nh2 f6 15. Be3 Nf4 16. Bxf4 exf4 17. Qd2 f5 18. exf5 Bxf5 19. dxc6 Bxc3 20. Qxc3 bxc6 21. Rfd1 Qc7 22. Bf3 Rad8 23. Ng4 Bxg4 24. Bxg4 Nd7 25. Be6+ Rf7 26. Qd4 Ne5 27. Qxf4 Rdf8 28. c5 Qe7 29. Bxf7+ Rxf7 30. cxd6 Qe6 31. Qd4 Qf5 32. Re1 Nd3 33. Re8+ Rf8 34. d7 Nxc1 35. d8Q 1-0

[Event "Villamaria op 2nd"]
[Site "Villamaria"]
[Date "2016.07.04"]
[Round "7"]
[White "Villamizar, Diego Fernando"]
[Black "Garvin, Ricardo Luis"]
[Result "1-0"]
[WhiteElo "1912"]
[BlackElo "1690"]
[PlyCount "45"]
[EventDate "2016.07.02"]
[EventType "swiss"]
[EventRounds "7"]
[EventCountry "COL"]
[SourceTitle "CBM 173 Extra"]
[Source "ChessBase"]
[SourceDate "2016.08.29"]
[SourceVersion "1"]
[SourceVersionDate "2016.08.29"]
[SourceQuality "1"]

1. d4 d5 2. c4 e5 3. dxe5 d4 4. Nf3 Nc6 5. g3 Bg4 6. Bg2 Nge7 7. 0-0 Ng6 8. Qb3 Rb8 9. Rd1 Bxf3 10. Bxf3 Ngxe5 11. Bd5 Qf6 12. Bf4 Bc5 13. Nd2 0-0 14. Ne4 Qe7 15. Bg5 Qd7 16. Nxc5 Qh3 17. Bg2 Qh5 18. Bf4 Ng4 19. Nd7 Qxh2+ 20. Kf1 Rfe8 21. Nxb8 Rxe2 22. Kxe2 Qxg2 23. Qf3 1-0

[Event "Manizales op 20th"]
[Site "Manizales"]
[Date "2008.01.11"]
[Round "3"]
[White "Villamizar, Diego Fernando"]
[Black "Gaitan, Jose Daniel"]
[Result "1-0"]
[WhiteElo "1647"]
[BlackElo "1906"]
[PlyCount "22"]
[EventDate "2008.01.10"]
[EventType "swiss"]
[EventRounds "7"]
[EventCountry "COL"]
[SourceTitle "EXT 2010"]
[Source "ChessBase"]
[SourceDate "2010.11.25"]
[SourceVersion "1"]
[SourceVersionDate "2010.11.25"]
[SourceQuality "1"]

1. e4 c5 2. Nf3 Nc6 3. d4 cxd4 4. Nxd4 Nf6 5. Nc3 d6 6. Be2 e6 7. Be3 Be7 8. a3 Nxd4 9. Qxd4 0-0 10. 0-0-0 a6 11. g4 b5 1-0